Most Visited UNESCO World Heritage Sites - Statistics

General Stats
  • This quiz has been taken 620 times
  • The average score is 3 of 10
Answer Stats
Country Visitors annually Answer % Correct
China 10 Million Great Wall Of China
93%
India 8 Million Taj Mahal
74%
China 15 Million Forbidden City
67%
Australia 8 Million Sydney Opera House
48%
France 7.5 Million Versailles
32%
France 8.1 Million Banks of the Seine
10%
USA 11 Million The Great Smoky Mountains
6%
South Korea 9 Million Gyeongju
2%
Denmark 7.8 Million Par Force Hunting Landscape
2%
China 12 Million Kulangsu
1%
No matching quizzes found
Score Distribution
Percent of People with Each Score
Percentile by Number Answered
Your Score History
You have not taken this quiz